Inovačná stratégia BSK rozvoj výskumno-vývojovej a inovačnej základne Bratislavského samosprávneho kraja v období 2014-2020

Guardado en:
Detalles Bibliográficos
Autor principal: Linczényi, Roman
Autor Corporativo: Bratislavský samosprávny kraj
Otros Autores: Vrátny, Štefan, Filus, Ivan, Kopkáš, Peter, Šášiková, Mária
Formato: Libro
Lenguaje:eslovaco
Publicado: Bratislava BIC Bratislava 2012
Edición:1. vydanie
Materias:
Etiquetas: Agregar Etiqueta
Sin Etiquetas, Sea el primero en etiquetar este registro!

MARC

LEADER 00000nlm a2200000 4500
001 0253465
005 20240704113304.7
041 0 |a slo 
044 |a SK 
245 1 0 |a Inovačná stratégia BSK  |b rozvoj výskumno-vývojovej a inovačnej základne Bratislavského samosprávneho kraja v období 2014-2020  |c expertný tím: Roman Linczényi ... [et al.] 
250 |a 1. vydanie 
264 1 |a Bratislava  |b BIC Bratislava  |c 2012 
300 |a online 305 s. [54 NS] 
610 2 0 |a regióny 
610 2 0 |a správa štátna 
610 2 0 |a podpora vedy a výskumu 
610 2 0 |a firmy 
610 2 0 |a spoločnosti nadnárodné 
610 2 0 |a univerzity 
610 2 0 |a rozvoj vedeckotechnický 
610 2 0 |a inovácia 
610 2 0 |a spolupráca medzinárodná 
610 2 0 |a podpora podnikania 
610 2 0 |a prostredie podnikateľské 
610 2 0 |a infraštruktúra 
610 2 0 |a financovanie 
610 2 0 |a programy rozvojové 
610 2 0 |a stratégia inovačná 
610 2 0 |a Slovensko 
100 1 |a Linczényi, Roman 
700 1 |a Vrátny, Štefan 
700 1 |a Filus, Ivan 
700 1 |a Kopkáš, Peter 
700 1 |a Šášiková, Mária 
710 2 |a Bratislavský samosprávny kraj